00947cam a2200253 a 450000100060000000300080000600500170001400800410003102000220007203500190009404000390011304100080015208200280016024501590018826000740034730000280042150400280044965000290047765000290050670000280053570000350056370000370059883000580063535180BD-RjUL20211209052256.0820713s1981 fr a b 000 0 eng  a9231017926 (pbk.) a(BD-RjUL)35274 aDLCcDLCdDLCdOCoLCdBD-RjULbeng aeng00a372.13358219bIMP 198100aImpact of educational television on young children /cedited by Wayne H. Holtzman and Isabel Reyes-Lagunes ; in collaboration with Mira Aghi ... [et al.]. aParis :bUnesco ;a[New York, N.Y. :bdistributed by Unipub],cc1981. a60 p. :bill. ;c30 cm. aBibliography: p. 57-60. 0aTelevision in education. 0aTelevision and children.1 aHoltzman, Wayne H., ed.2 aReyes-Lagunes, Isabel, Jt. ed.1 aAghi, Mira...[et al.] , collabo. aEducational studies and documents. new ser. ; no. 40.